000 00812nam a22002297a 4500
003 OSt
005 20250221171756.0
008 230926b ||||| |||| 00| 0 eng d
040 _c0
082 _aDPer 379.1 J826 Winter - Spring 2020 v. 45 n. 3-4
100 _aHouck, Eric A.
_eauthor.
_949247
245 _aNorth Carolina /
_cEric A. Houck and Walter Hart.
260 _aUnited States ;
_bUniversity of Illinois Press and Johns Hopkins University Press,
_cWinter 2020.
300 _avolume 45, pages 350-352.
500 _aJournal of Education Finance, v. 45 n. 3, pages 350-352, Winter 2020.
650 _aFinance.
_949248
650 _aBudget.
_949249
650 _aEducation.
_949250
700 _aHouck, Eric A.
_eauthor.
_949247
700 _aHart, Walter.
_eauthor.
_949251
942 _2ddc
_cPER
999 _c18247
_d18247